Deutsches Institut für Wirtschaftsforschung Vierteljahrshefte zur Wirtschaftsforschung

Guardado en:
Detalles Bibliográficos
Formato: Seriadas
Lenguaje:alemán
Publicado: Berlin Deutsches Institut für Wirtschaftsforschung 1985
Etiquetas: Agregar Etiqueta
Sin Etiquetas, Sea el primero en etiquetar este registro!

MARC

LEADER 00000nas2a2200000 4500
001 s106003
005 20250730114158.3
041 0 |a ger 
044 |a DE 
245 1 0 |a Deutsches Institut für Wirtschaftsforschung  |b Vierteljahrshefte zur Wirtschaftsforschung 
264 1 |a Berlin  |b Deutsches Institut für Wirtschaftsforschung  |c 1985 
300 |a 1 zv. 
773 0 |w eu_un_cat*s120118